006110000a2200169000450000500170000000800410001708200170005811000400007524500720011526000600018730000310024765000190027870000270029794200070032495200950033199900150042620231109141715.0230817t1994 ||||| |||| 00| 0 eng d a305.42 bWOM aWomen's Global Leadership Institute aThe Indivisibility of Women's Human Rights: bA Continuing Dialogue aNew Jersy:bCenter for women's global leadership,c1994 avi, 116 p. : ill. ; 26 cm. aWOMEN'S RIGHTS a Fried, Susana T.eed. cRP 00102ddc4070aMAINbMAINd2023-08-17l0o305.42 WOMpRAF612r2023-08-17w2023-08-17yRP c3149d3149